El Centenario de Cádiz y la intimidad Ibero-americana (Record no. 71824)

MARC details
000 -LEADER
campo de control de longitud fija 00594nam a2200157 i 4500
001 - NÚMERO DE CONTROL
campo de control 71824
003 - IDENTIFICADOR DE NÚMERO DE CONTROL
campo de control ES-MaACL
005 - FECHA Y HORA DE LA ÚLTIMA TRANSACCIÓN
campo de control 20230906171236.0
007 - CAMPO FIJO DE DESCRIPCIÓN FÍSICA--INFORMACIÓN GENERAL
campo de control de longitud fija t|
008 - DATOS DE LONGITUD FIJA--INFORMACIÓN GENERAL
campo de control de longitud fija 040819s1913 cu ||||1| spa d
100 1# - ENTRADA PRINCIPAL--NOMBRE DE PERSONA
Nombre de persona Giberga, Eliseo.
9 (RLIN) 56639
245 13 - MENCIÓN DEL TÍTULO
Título El Centenario de Cádiz y la intimidad Ibero-americana
Resto del título : discursos pronunciados con motivo del Centenario de las Cortes, constitución y sitio de Cádiz celebrado en 1912 /
Mención de responsabilidad, etc. Eliseo Giberga.
260 ## - PUBLICACIÓN, DISTRIBUCIÓN, ETC.
Lugar de publicación, distribución, etc. La Habana :
Nombre del editor, distribuidor, etc. [s.n.],
Fecha de publicación, distribución, etc. 1913 (
Fabricante Impr., papelería de Rambla, Bouza)
300 ## - DESCRIPCIÓN FÍSICA
Extensión 78 p. ;
Dimensiones 25 cm.
852 ## - LOCALIZACIÓN
Ubicación ES-MaACL
Número de control de estantería T-1352-F-6
Holdings
Estatus retirado Estado de pérdida Estado de daño No para préstamo Colección Biblioteca de origen Biblioteca actual Ubicación en estantería Fecha de adquisición Fuente de adquisición Total de préstamos Signatura topográfica completa Código de barras Visto por última vez Precio de reemplazo Tipo de ítem Koha
        Colección de folletos Biblioteca del Ateneo de Madrid Biblioteca del Ateneo de Madrid Depósito folletos 17/01/2008     T-1352-F-6 1075192 23/02/2023 23/02/2023 Folleto